Western political thought (Record no. 6810)

MARC details
000 -LEADER
fixed length control field 00529cam a2200217ua 4500
008 - FIXED-LENGTH DATA ELEMENTS--GENERAL INFORMATION
fixed length control field 141220n ii |||gr||||Z||||||eng
020 ## - INTERNATIONAL STANDARD BOOK NUMBER
International Standard Book Number 9788186860120
040 ## - CATALOGING SOURCE
Transcribing agency MAIN
041 ## - LANGUAGE CODE
-- eng
082 ## - DEWEY DECIMAL CLASSIFICATION NUMBER
Classification number 324.11
100 ## - MAIN ENTRY--PERSONAL NAME
Personal name Das, D.,
Relator term
245 1# - TITLE STATEMENT
Title Western political thought
Statement of responsibility, etc. By Deepan Das
250 ## - EDITION STATEMENT
Edition statement 1st.
260 ## - PUBLICATION, DISTRIBUTION, ETC.
Place of publication, distribution, etc. Dibrugarh:
Name of publisher, distributor, etc. National,
Date of publication, distribution, etc. 2013.
300 ## - PHYSICAL DESCRIPTION
Extent 304p.
700 ## - ADDED ENTRY--PERSONAL NAME
Personal name Saha, I.,
Relator term
942 ## - ADDED ENTRY ELEMENTS (KOHA)
Koha item type Books
653 ## - INDEX TERM--UNCONTROLLED
Uncontrolled term The political process
653 ## - INDEX TERM--UNCONTROLLED
Uncontrolled term Western political thought
Holdings
Withdrawn status Lost status Damaged status Not for loan Home library Current library Shelving location Date acquired Total Checkouts Full call number Barcode Date last seen Copy number Price effective from Koha item type Date last checked out
        Naharkatiya College Library Naharkatiya College Library General Stacks 19/09/2020   324.11 | DAS 22660 19/09/2020 2 19/09/2020 Books  
        Naharkatiya College Library Naharkatiya College Library General Stacks 19/09/2020 2 324.11 | DAS 22661 26/02/2022 1 19/09/2020 Books 10/02/2022

Naharkatiya College © 2020. All rights reserved.

Powered By